| 000 | 00678nam a2200229 a 4500 | ||
|---|---|---|---|
| 001 | 000563 | ||
| 003 | DO-SdBNP | ||
| 005 | 20180327112228.0 | ||
| 007 | 000563 | ||
| 008 | 090819s 1991 000 spa d | ||
| 040 |
_aBPMSU _bspa _cBPMSU |
||
| 100 |
_aDumas, Alejandro _c1802-1870 |
||
| 245 | 4 |
_aLos tres mosqueteros / _cAlejandro Dumas |
|
| 250 | _a2a. ed. | ||
| 260 |
_aSanto Domingo : _b CENAPEC _c1991 |
||
| 300 |
_a659 p.; _b _c23 cm. |
||
| 490 |
_a Biblioteca económica de obras maestras _v4 |
||
| 830 | _p Biblioteca económica de obras maestras | ||
| 942 |
_2ddc _cBK |
||
| 945 | _aRemanejado para BNPHU / 2017 VM | ||
| 956 |
_aVMATEO _b10 _c20160311 _lBPMSU _h00151 |
||
| 999 |
_c9187 _d9187 |
||